00345nam a2200145Ia 4500008004100000041000800041100001500049245004100064250000600105260003300111365000900144500001500153520001200168650001900180230512s9999 xx 000 0 und d aeng aVIRKAR K B aDICTIONARY : ENGLISH-ENGLISH-MARATHI a1 bP H I PVT. LTD., NEW DELHI  b67.5 aPaper Back aGeneral aReference Book